=LDR 00000nam 2200000 4500 =001 INLIS000000000029400 =005 20130612131633 =008 ***********************************Ind** =035 ##$$0010-061300000029400 =041 ##$$a Ind =082 ##$$a 613.8 =090 ##$$a 613.8, Pra p =100 ##$$a Pramuditya, Endang =245 ##$$a Pengobatan alternatif dengan pijat urut dan obat tradisional, Endang Pramuditya =260 ##$$a 2000 $b Surabaya =300 ##$$a x,86 hlm, ilus, 22 cm =650 ##$$a Alternatif - Pijat =850 ##$$a NBPNMAT